English-medium instruction in higher education (Registro nro. 22130)

Detalles MARC
000 -Cabecera
Campo de control interno 00878nam a22002537a 4500
005 - Fecha y hora del registro
control field 20260331113822.0
008 - Elementos de Longitud Fija
fixed length control field 260325b |||||||| |||| 00| 0 spa d
020 ## - ISBN
ISBN 9781108829052
041 ## - Idioma
Codigo Idioma Inglés
082 ## - DEWEY y NOTACIÓN INTERNA
Dewey 421.071
Notación Interna L27
100 ## - AUTOR
Autor denominación Lasagabaster, David
Término de relación autor
245 ## - TÍTULO DE MATERIAL BIBLIOGRÁFICO
Título English-medium instruction in higher education
260 ## - CIUDAD, EDITORIAL, AÑO
Ciudad Cambridge :
Nombre de la Editorial Cambridge University Press,
Año 2022
300 ## - DESCRIPCIÓN
N° Páginas 70 páginas :
Dimensiones 23 cm.
440 ## - MENCIÓN DE SERIE
Título de la Serie ;
500 ## - NOTA GENERAL
Nota General Antes del título : Cambridge Elements
650 ## - TEMAS
Temas Lenguas
653 ## - DESCRIPTORES
Lenguajes no controlado Inglés - Estudio y enseñanza; Lenguaje y lenguas - Estudio y enseñanza; Educación superior; Sociolingüística
654 ## - PROGRAMAS
Programa Todos los programas
700 ## - OTROS AUTORES
Otros autores ;
856 ## - URL - UBICACIÓN
URI/URL: Enlace exacto del recurso <a href="https://itmsp.museknowledge.com/UCSP?groupID=2&action=source&sourceID=EBSCO_IP">https://itmsp.museknowledge.com/UCSP?groupID=2&action=source&sourceID=EBSCO_IP</a>
Nota pública: Versión digital <a href="Véase además: Base de datos EBSCOhost">Véase además: Base de datos EBSCOhost</a>
942 ## - ELEMENTOS DE KOHA
Tipo de documento Libro
Nombre del creador Justo Noguera
Código de catalogador Tania Ramirez
Suppress in OPAC No
Esquema de clasificación Dewey Decimal Classification
Existencias
Codigo completo Registro Colección Copia número Disponibilidad Tipo de préstamo Biblioteca Actual Procedencia (Biblioteca) Ubicacón Fecha Ingreso Tipo de Adquisición Observación Date last seen Total checkouts Price effective from Tipo de Item Estado del Material Fuente de Clasificación Damaged status Withdrawn status
421.071 L27 1088220 Universidad Católica San Pablo 1 No disponible Restringido Víctor Andrés Belaunde Víctor Andrés Belaunde Idiomas - Salaverry 25/03/2026 Compra Centro de Idiomas 25/03/2026   25/03/2026 Libro Bueno Dewey Decimal Classification   Withdrawn